Introducción a la medida en ingeniería mecánica

Bibliographic Details
Main Author: Arenas, A.
Format: Section = Libro
Language:Undetermined
Spanish
Published: España Instituto católico de artes e industrias 1976
Subjects:
LEADER 00563nam a2200181Ia 4500
008 240829s9999 xx 000 0 und d
020 |a 84-7399-030-7 
040 |a BIBLIOTECA-RUPAP 620.1 A681 
041 |a spa 
082 |a 620.1 A681 
100 1 |a Arenas, A.  
245 1 0 |a Introducción a la medida en ingeniería mecánica 
260 |a España  |b Instituto católico de artes e industrias  |c 1976 
300 |a 410 p. :il. 
650 7 |a MECANICA APLICADA. I. Barrasa, A., coaut. II. Mejias, J.J., coaut. III. Tít. 
942 |c BK  |2 ddc 
991 |a TEXTO 
999 |c 8831